countries of south asia - Statistics

General Stats
  • This quiz has been taken 73 times
  • The average score is 7 of 8
Answers on the Map
Answers color-coded by a green-red scale on the quiz's map according to % correct below.
 
Answer Stats
Answer % Correct
bangladesh
96%
india
96%
Afghanistan
93%
pakistan
91%
nepal
89%
sri lanka
89%
bhutan
87%
maldives
87%
No matching quizzes found
Score Distribution
Percent of People with Each Score
Percentile by Number Answered
Your Score History
You have not taken this quiz